[Event "AUTO-OPEN-1853"]
[Site "http://www.queenalice.com/game.php?id=836297"]
[Date "2010.9.22"]
[Round "2"]
[White "jacconsultoria"]
[Black "dossoman"]
[Result "0-1"]
[WhiteElo "1846"]
[BlackElo "2289"]

1. c4 e5 2. Nc3 Nc6 3. g3 Bb4 4. Bg2 Nf6 5. Nf3 O-O 6. O-O Re8 7. Nd5 Bf8 8.
Nxf6+ Qxf6 9. d3 Bc5 10. a3 a5 11. Bg5 Qe6 12. Qd2 h6 13. Be3 Nd4 14. Bxd4 Bxd4
15. Rac1 d6 16. Nxd4 exd4 17. Rfe1 Qf6 18. e3 Bd7 19. Bxb7 Rab8 20. Be4 dxe3 21.
Rxe3 Rxb2 22. Qe1 a4 23. Bh7+ Kxh7 0-1

[Event "AUTO-OPEN-1853"]
[Site "http://www.queenalice.com/game.php?id=836298"]
[Date "2010.9.22"]
[Round "2"]
[White "dossoman"]
[Black "bomfim"]
[Result "1-0"]
[WhiteElo "2250"]
[BlackElo "1966"]

1. e4 e5 2. Nf3 Nc6 3. Bb5 Nf6 4. O-O Be7 5. Re1 d6 6. d4 O-O 7. Bxc6 bxc6 8.
dxe5 dxe5 9. Qxd8 Rxd8 10. Nbd2 Bd6 11. h3 Rb8 12. b3 Ba6 13. Bb2 Bb4 14. Rad1
Rd6 15. a3 1-0

[Event "AUTO-OPEN-1853"]
[Site "http://www.queenalice.com/game.php?id=836299"]
[Date "2010.9.22"]
[Round "2"]
[White "bomfim"]
[Black "dossoman"]
[Result "0-1"]
[WhiteElo "1971"]
[BlackElo "2246"]

1. c4 e5 2. Nc3 Nc6 3. d3 Nf6 4. Nf3 d5 5. cxd5 Nxd5 6. Nxd5 Qxd5 7. Bd2 Bc5 8.
e3 Bg4 9. e4 Qd7 10. Rc1 Bb6 11. Be2 O-O-O 12. Bc3 Bxf3 13. gxf3 Qh3 14. Bf1 Qe6
15. Rg1 g6 0-1

[Event "AUTO-MASTER-1074"]
[Site "http://www.queenalice.com/game.php?id=858174"]
[Date "2010.11.12"]
[Round "2"]
[White "dossoman"]
[Black "fosdunc"]
[Result "1/2-1/2"]
[WhiteElo "2198"]
[BlackElo "2360"]

1. d4 e6 2. e4 b6 3. c4 Bb7 4. Bd3 g6 5. Nc3 Bg7 6. Nge2 Ne7 7. O-O O-O 8. f4 d6
9. Qe1 Nd7 10. f5 c5 11. dxc5 dxc5 12. Bc2 exf5 13. exf5 Nxf5 14. Bxf5 gxf5 15.
Rxf5 Nf6 16. Bg5 h6 17. Bh4 Qd6 18. Nf4 Qd7 19. Nfd5 Nxd5 20. Nxd5 Rae8 21. Qf1
Bxd5 22. cxd5 Bxb2 23. Rd1 Bd4+ 24. Kh1 Re5 25. Rxe5 Bxe5 26. d6 f6 27. Qc4+ Kg7
28. a4 Re8 29. Bg3 Bxg3 30. hxg3 h5 31. Kh2 Qg4 32. d7 Rd8 33. Qd5 h4 34. gxh4
Qxh4+ 35. Kg1 Qxa4 36. Qd6 Qe4 37. Qc7 Qe7 38. Qg3+ Kf7 39. Qd3 Kf8 1/2-1/2

[Event "AUTO-MASTER-1074"]
[Site "http://www.queenalice.com/game.php?id=858175"]
[Date "2010.11.12"]
[Round "2"]
[White "fosdunc"]
[Black "dossoman"]
[Result "1-0"]
[WhiteElo "2388"]
[BlackElo "2204"]

1. e4 e5 2. Nf3 Nc6 3. Bc4 Nf6 4. d4 exd4 5. e5 d5 6. exd6 Bxd6 7. O-O O-O 8. h3
h6 9. c3 dxc3 10. Nxc3 Bf5 11. Nb5 Ne4 12. Be3 Qf6 13. Qe2 Rfe8 14. Bd5 Ng5 15.
Nxg5 hxg5 16. Nxd6 cxd6 17. Rad1 Ne7 18. Bxb7 Rab8 19. Bd4 Qh6 20. Qa6 Nc8 21.
Rfe1 Be6 22. Bd5 Re7 23. Rc1 Nb6 24. Bxe6 fxe6 25. Bxb6 Rxb6 26. Rc8+ Kh7 27.
Qd3+ g6 28. Qd2 e5 29. Re4 Kg7 30. b3 Rf7 31. Rd8 1-0

[Event "AUTO-ELITE-677"]
[Site "http://www.queenalice.com/game.php?id=869962"]
[Date "2010.12.9"]
[Round "1"]
[White "RafaelCabral"]
[Black "dossoman"]
[Result "1/2-1/2"]
[WhiteElo "2158"]
[BlackElo "2232"]

1. e4 e5 2. Nf3 Nc6 3. Bb5 a6 4. Ba4 Nf6 5. O-O Nxe4 6. d4 exd4 7. Re1 d5 8.
Nxd4 Bd6 9. Nxc6 Bxh2+ 10. Kxh2 Qh4+ 11. Kg1 Qxf2+ 12. Kh1 Qh4+ 13. Kg1 Qf2+ 14.
Kh1 Qh4+ 15. Kg1 Qf2+ 1/2-1/2

[Event "AUTO-ELITE-677"]
[Site "http://www.queenalice.com/game.php?id=869963"]
[Date "2010.12.9"]
[Round "1"]
[White "dossoman"]
[Black "RafaelCabral"]
[Result "0-1"]
[WhiteElo "2205"]
[BlackElo "2163"]

1. e4 c5 2. c3 Nc6 3. d4 cxd4 4. cxd4 g6 5. Nf3 Bg7 6. Nc3 Qb6 7. Nd5 Qd8 8. Bf4
d6 9. Be2 Nf6 10. Nxf6+ Bxf6 11. O-O Bg4 12. d5 Bxf3 13. Bxf3 Nd4 14. Bg4 h5 15.
Qa4+ b5 16. Qd1 hxg4 17. Be3 e5 18. dxe6 Nxe6 19. Qxg4 Be5 20. g3 O-O 21. Rab1
Qf6 22. b3 Kg7 23. Rbd1 Rh8 24. Rd5 a6 25. f4 Bd4 26. Bxd4 Nxd4 27. e5 Qf5 28.
Qd1 Qh3 29. Rf2 Nf5 30. exd6 Nxg3 31. Qd4+ f6 32. d7 Rad8 33. Rd6 Qh4 34. Rxa6
Nf5 35. Qd3 Qg4+ 36. Kf1 Rh3 37. Qd2 Ne3+ 0-1

[Event "AUTO-ELITE-677"]
[Site "http://www.queenalice.com/game.php?id=869970"]
[Date "2010.12.9"]
[Round "1"]
[White "dossoman"]
[Black "Donidon"]
[Result "0-1"]
[WhiteElo "2242"]
[BlackElo "2310"]

1. e4 e6 2. d4 d5 3. exd5 exd5 4. Bf4 Nf6 5. Bd3 c5 6. dxc5 Bxc5 7. Ne2 O-O 8.
O-O Nc6 9. h3 Be6 10. Nd2 Re8 11. Nb3 Bb6 12. Bg5 h6 13. Bh4 Ne5 14. Bb5 Rf8 15.
Nbd4 Ng6 16. Bg3 Ne4 17. Bh2 Nh4 18. f3 Qg5 19. g4 Qe3+ 20. Kh1 Nf2+ 21. Rxf2
Qxf2 22. Qf1 Bxd4 23. Qxf2 Bxf2 24. Bd6 Rfc8 25. c3 d4 26. Rf1 dxc3 27. Nxc3 Bd4
28. Bg3 Ng6 0-1

[Event "AUTO-ELITE-677"]
[Site "http://www.queenalice.com/game.php?id=869971"]
[Date "2010.12.9"]
[Round "1"]
[White "Donidon"]
[Black "dossoman"]
[Result "1-0"]
[WhiteElo "2299"]
[BlackElo "2253"]

1. e4 e5 2. f4 exf4 3. Nf3 d5 4. exd5 Nf6 5. d4 Nxd5 6. Bc4 Be6 7. Bxd5 Qxd5 8.
O-O g5 9. Nc3 Qd8 10. d5 Bc5+ 11. Kh1 Bg4 12. Qe1+ Kf8 13. Nxg5 Qxg5 14. Rxf4
Qg6 15. Rxg4 Qh5 16. Rg5 Qh6 17. Rg8+ Kxg8 18. Bxh6 Bd6 19. Qe8+ 1-0

[Event "AUTO-ELITE-678"]
[Site "http://www.queenalice.com/game.php?id=871425"]
[Date "2010.12.13"]
[Round "1"]
[White "lupengui"]
[Black "dossoman"]
[Result "1-0"]
[WhiteElo "2449"]
[BlackElo "2230"]

1. e4 e5 2. Nf3 Nc6 3. d4 exd4 4. Nxd4 Bc5 5. Nb3 Bb6 6. Nc3 Nge7 7. Be2 O-O 8.
O-O a5 9. Nd2 d5 10. exd5 Nxd5 11. Nxd5 Qxd5 12. Nc4 Qxd1 13. Rxd1 Bc5 14. Be3
Bxe3 15. Nxe3 Be6 16. Nd5 Bxd5 17. Rxd5 Rad8 18. Rc5 Rd2 19. Kf1 Re8 20. Bb5 Re5
21. Re1 f6 22. Rexe5 Nxe5 23. Ke1 b6 24. Rxe5 Rxc2 25. Re2 Rc5 26. Bd3 1-0

[Event "AUTO-ELITE-678"]
[Site "http://www.queenalice.com/game.php?id=871426"]
[Date "2010.12.13"]
[Round "1"]
[White "dossoman"]
[Black "lupengui"]
[Result "0-1"]
[WhiteElo "2225"]
[BlackElo "2454"]

1. e4 Nf6 2. e5 Nd5 3. Nc3 Nxc3 4. bxc3 g6 5. f4 c5 6. d4 d5 7. Nf3 Qa5 8. Bd2
c4 9. Be2 Nc6 10. O-O b5 11. Nh4 e6 12. f5 exf5 13. Bf3 Be6 14. g3 Be7 15. Ng2
O-O 16. Nf4 Rad8 17. Qe2 Kh8 18. a3 Rd7 19. Qg2 Rfd8 20. Rfb1 Kg8 21. Nh3 a6 22.
Ng5 Bxg5 23. Bxg5 Qxc3 24. Qf2 Nxd4 25. Bd1 Nc6 26. a4 b4 27. Bxd8 Rxd8 28. Ra2
d4 29. a5 d3 30. cxd3 b3 31. Re2 Rxd3 32. Qb6 Qd4+ 33. Qxd4 Nxd4 34. Rf2 c3 35.
Bxb3 Bxb3 36. Kg2 c2 37. Rxb3 Rxb3 0-1

[Event "AUTO-ELITE-678"]
[Site "http://www.queenalice.com/game.php?id=871431"]
[Date "2010.12.13"]
[Round "1"]
[White "forth_generation"]
[Black "dossoman"]
[Result "1-0"]
[WhiteElo "2351"]
[BlackElo "2203"]

1. e4 e5 2. Nf3 Nc6 3. d4 exd4 4. Nxd4 Bc5 5. Be3 Qf6 6. c3 Nge7 7. Bc4 b6 8.
O-O Bb7 9. Nb3 Ne5 10. Be2 Bxe3 11. fxe3 Qg5 12. N1d2 Qxe3+ 13. Kh1 O-O-O 14.
Bb5 N7g6 15. Qh5 h6 16. Rae1 Qg5 17. Qxg5 hxg5 18. Nd4 Rh7 19. g3 Rdh8 20. Re2
d5 21. exd5 Bxd5+ 22. Kg1 g4 23. b4 c5 24. bxc5 bxc5 25. Nf5 f6 26. Ne3 Nf3+ 27.
Nxf3 Bxf3 28. Rd2 Ne5 29. Nc4 Nxc4 30. Bxc4 Re8 31. Bd3 Rh5 32. Bg6 Rhe5 33.
Bxe8 Rxe8 34. Kf2 Re4 35. Re1 Kc7 36. Rxe4 Bxe4 37. Ke3 f5 38. Kf4 Kc6 39. c4 a5
40. Ke5 a4 41. Rd6+ Kc7 42. Rg6 a3 43. Ra6 1-0

[Event "AUTO-ELITE-678"]
[Site "http://www.queenalice.com/game.php?id=871432"]
[Date "2010.12.13"]
[Round "1"]
[White "dossoman"]
[Black "forth_generation"]
[Result "1/2-1/2"]
[WhiteElo "2193"]
[BlackElo "2371"]

1. e4 c5 2. c3 d6 3. d4 Nf6 4. Bd3 g6 5. Nf3 Bg7 6. O-O O-O 7. h3 e5 8. dxe5
dxe5 9. Bg5 h6 10. Bh4 Nc6 11. Qe2 g5 12. Bg3 Nh5 13. Na3 Nxg3 14. fxg3 g4 15.
Nh4 gxh3 16. Nf5 Qg5 17. Qf3 hxg2 18. Rf2 Ne7 19. Kxg2 Be6 20. Nb5 Rad8 21. Nc7
Bxf5 22. exf5 Rd7 23. Rh1 Rfd8 24. Be4 Rxc7 25. f6 Qxf6 26. Qxf6 Bxf6 27. Rxf6
Rd2+ 28. Kf3 Rxb2 29. Rfxh6 Kg7 30. Rh7+ Kf8 31. Rh8+ Kg7 32. R8h7+ Kf6 33.
R1h6+ Kg5 34. Rh5+ 1/2-1/2

[Event "AUTO-OPEN-1853"]
[Site "http://www.queenalice.com/game.php?id=874489"]
[Date "2010.12.21"]
[Round "3"]
[White "dossoman"]
[Black "mauricio_sm"]
[Result "0-1"]
[WhiteElo "2221"]
[BlackElo "2008"]

1. e4 e5 2. Nf3 Nc6 3. d4 exd4 4. Nxd4 Bc5 5. Be3 Qf6 6. c3 Nge7 7. Bc4 d6 8.
O-O O-O 9. Nxc6 Nxc6 10. Bxc5 dxc5 11. Nd2 Be6 12. f4 Bxc4 13. e5 Qe6 14. Rf3
Rad8 15. Qe1 Rd3 16. Rxd3 Bxd3 17. Qe3 c4 18. b4 a6 19. a4 Rd8 20. Nf3 h6 21. b5
axb5 22. axb5 Ne7 23. Nd4 Qg6 24. Qf2 Qb6 25. g4 c6 26. f5 cxb5 27. f6 Nc6 28.
e6 Nxd4 29. cxd4 fxe6 0-1

[Event "AUTO-OPEN-1853"]
[Site "http://www.queenalice.com/game.php?id=874490"]
[Date "2010.12.21"]
[Round "3"]
[White "mauricio_sm"]
[Black "dossoman"]
[Result "0-1"]
[WhiteElo "1995"]
[BlackElo "2198"]

1. e4 e5 2. Nf3 Nc6 3. Bb5 a6 4. Ba4 Nf6 5. O-O Nxe4 6. Qe2 Nc5 7. Bxc6 dxc6 8.
Nxe5 Be7 9. d3 O-O 10. Be3 Bf5 11. Nc3 Ne6 12. a3 Re8 13. Rfe1 Nd4 14. Bxd4 Qxd4
15. Qe3 Rad8 16. Qxd4 Rxd4 17. Re2 f6 18. Nf3 Rdd8 19. Rae1 Kf7 20. Nh4 Bc8 21.
h3 g5 22. Nf3 c5 23. Ne4 b5 24. Re3 h6 25. Ned2 Bb7 26. b3 h5 27. c4 Rd7 28.
R1e2 Red8 29. cxb5 axb5 30. Ne1 Bd5 31. Nc2 Bd6 32. d4 cxd4 33. Nxd4 Bf4 34. Rc3
Ba8 35. N2f3 Rxd4 0-1

[Event "Challenge"]
[Site "http://www.queenalice.com/game.php?id=897393"]
[Date "2011.2.7"]
[Round "-"]
[White "dossoman"]
[Black "Gabrisco"]
[Result "0-1"]
[WhiteElo "2195"]
[BlackElo "1972"]

1. e4 Nc6 2. d4 d5 3. exd5 Qxd5 4. Nf3 Bg4 5. Be2 O-O-O 6. c4 Qd7 7. d5 Bxf3 8.
Bxf3 Ne5 9. Be2 e6 10. Qd4 Nc6 11. Qe3 exd5 12. cxd5 Qxd5 13. O-O Bc5 14. Qh3+
Kb8 15. Nc3 Qe5 16. Be3 Bxe3 17. fxe3 Nh6 18. Bc4 f5 19. Rf2 Ng4 20. Re2 Rhe8
21. Bb5 Nd4 22. Bxe8 Nxe2+ 23. Nxe2 Qxb2 24. Rf1 Qxe2 25. Bh5 Rd1 0-1

[Event "AUTO-OPEN-1854"]
[Site "http://www.queenalice.com/game.php?id=899923"]
[Date "2011.2.13"]
[Round "3"]
[White "Soulpower74"]
[Black "dossoman"]
[Result "0-1"]
[WhiteElo "2204"]
[BlackElo "2189"]

1. c4 e5 2. Nc3 Nc6 3. g3 Nf6 4. Bg2 Be7 5. a3 d6 6. b4 O-O 7. e3 Be6 8. d3 d5
9. c5 d4 10. Ne4 Nd5 11. exd4 exd4 12. Ne2 f5 13. Nd2 Nc3 14. Nxc3 dxc3 15. Nf3
Bd5 16. O-O Bf6 17. Qc2 Bxf3 18. Bxf3 a5 19. Be3 f4 20. gxf4 axb4 21. Bxc6 bxc6
22. axb4 Qd5 23. Rfb1 Rxa1 24. Rxa1 Rb8 25. Ra4 Rd8 26. Ra7 Qxd3 27. Qb3+ Qd5
28. Qxd5+ cxd5 29. Rxc7 d4 30. Bc1 d3 31. Be3 d2 0-1

[Event "AUTO-OPEN-1854"]
[Site "http://www.queenalice.com/game.php?id=899924"]
[Date "2011.2.13"]
[Round "3"]
[White "dossoman"]
[Black "Soulpower74"]
[Result "1-0"]
[WhiteElo "2176"]
[BlackElo "2217"]

1. e4 c5 2. a3 d6 3. Nf3 Nc6 4. Bc4 Nf6 5. Nc3 e6 6. d4 cxd4 7. Nxd4 a6 8. Be3
Be7 9. O-O Qc7 10. Ba2 O-O 11. Qe2 e5 12. Nf5 Bxf5 13. exf5 Rfd8 14. Rad1 Rd7
15. g4 d5 16. g5 d4 17. gxf6 Bxf6 18. Nd5 Rxd5 19. Bxd5 dxe3 20. fxe3 Rc8 21. c3
Ne7 22. e4 Nxd5 23. Rxd5 h6 24. Rfd1 Bg5 25. Kh1 Bf4 26. f6 g6 27. Qg4 Kh7 28.
Qd7 g5 29. Qf5+ Kg8 30. Qxc8+ 1-0

[Event "AUTO-OPEN-1854"]
[Site "http://www.queenalice.com/game.php?id=899925"]
[Date "2011.2.13"]
[Round "3"]
[White "ernesto_che"]
[Black "dossoman"]
[Result "1-0"]
[WhiteElo "2250"]
[BlackElo "2201"]

1. Nf3 d5 2. c4 c6 3. e3 Nf6 4. Nc3 e6 5. cxd5 exd5 6. Qb3 Bd6 7. d4 O-O 8. Be2
Re8 9. O-O Qc7 10. h3 Ne4 11. Nd2 Qe7 12. Ndxe4 dxe4 13. Bd2 Qh4 14. f3 Bxh3 15.
f4 Bc8 16. Qc2 f5 17. d5 Nd7 18. dxc6 bxc6 19. Na4 Qe7 20. Qxc6 Rb8 21. Bc4+ Kh8
22. Rab1 Nf6 23. Nc3 Bc5 24. b4 Bxb4 25. Nd5 Nxd5 26. Qxd5 Bxd2 27. Qxd2 Rxb1
28. Rxb1 Rd8 29. Qa5 Rd6 30. Rb8 Rd1+ 31. Kf2 Qd7 32. Kg3 h5 33. Qc5 1-0

[Event "AUTO-OPEN-1854"]
[Site "http://www.queenalice.com/game.php?id=899926"]
[Date "2011.2.13"]
[Round "3"]
[White "dossoman"]
[Black "ernesto_che"]
[Result "0-1"]
[WhiteElo "2204"]
[BlackElo "2238"]

1. e4 c5 2. a3 Nc6 3. b4 Nf6 4. d3 e6 5. bxc5 Bxc5 6. Nf3 Qb6 7. d4 Nxd4 8. Bd3
Ng4 9. O-O Nxf3+ 10. Qxf3 Ne5 11. Qg3 Ng6 12. Kh1 O-O 13. Nd2 a6 14. f4 Bd4 15.
Rb1 Qc7 16. Nf3 Bc5 17. e5 d6 18. Ng5 dxe5 19. fxe5 h6 20. Nf3 b5 21. Bb2 Bb7
22. Rbe1 Rad8 23. Nh4 Nxh4 24. Qxh4 Qc6 25. Re4 Rxd3 26. cxd3 Qd7 27. Rg4 Qxd3
28. Qf6 Qh7 29. Bc1 Kh8 30. Qf4 Qf5 31. Qxf5 exf5 32. Rg3 Rd8 33. Rc3 Rd5 34.
Be3 Bxe3 35. Rxe3 Rd2 36. Rg1 f4 37. Rc3 Be4 38. h3 a5 39. Rb3 Kh7 40. h4 Kg6
41. Rxb5 f3 42. Rb3 fxg2+ 43. Kh2 Kf5 44. Rb5 a4 45. Rb4 Kxe5 46. Rxa4 f5 47.
Re1 Rf2 48. Kg3 Re2 49. Rc1 Re3+ 50. Kf2 Kf4 51. h5 Rd3 52. Ra7 Kg4 53. Rxg7+
Kh3 54. Ra1 Kh2 55. a4 f4 0-1

[Event "1. e4"]
[Site "http://www.queenalice.com/game.php?id=933276"]
[Date "2011.5.2"]
[Round "-"]
[White "dossoman"]
[Black "ernesto_che"]
[Result "1-0"]
[WhiteElo "2190"]
[BlackElo "2252"]

1. d4 Nf6 2. c4 g6 3. Nc3 Bg7 4. e4 d6 5. f4 c5 6. d5 O-O 7. Nf3 e6 8. Be2 exd5
9. cxd5 a6 10. O-O Nbd7 11. e5 dxe5 12. fxe5 Ng4 13. e6 Nde5 14. Nxe5 Bxe5 15.
Bxg4 1-0

[Event "The land of the ice"]
[Site "http://www.queenalice.com/game.php?id=940561"]
[Date "2011.5.20"]
[Round "-"]
[White "ernesto_che"]
[Black "dossoman"]
[Result "1-0"]
[WhiteElo "2169"]
[BlackElo "2193"]

1. Nf3 d5 2. c4 e6 3. b3 Nf6 4. Bb2 Be7 5. e3 c5 6. Be2 O-O 7. O-O Nc6 8. d4 Ne4
9. Nbd2 f5 10. dxc5 Bxc5 11. cxd5 exd5 12. Nxe4 fxe4 13. Ne5 Qd6 14. Rc1 Bb4 15.
Nxc6 bxc6 16. Qd4 Rf7 17. Rc2 Bd7 18. Bh5 Re7 19. f4 c5 20. Qd1 Bb5 21. Be2 Bxe2
22. Qxe2 Kh8 23. f5 d4 24. f6 gxf6 25. a3 Re6 26. Qh5 Ba5 27. exd4 cxd4 28. Qxa5
e3 29. Re2 Qe5 30. Qe1 Qe4 31. Rf3 Rg8 32. Qf1 Rg6 33. Rf4 1-0